Famous with a Bad Tan Quiz Stats

Quiz Updated Jun 26, 2016

Challenge
Share
Tweet
Score 0/20 Timer 06:00
1 Play Today
Hint Answer % Correct
Donald Trump
97.3%
Paris Hilton
93.4%
Ernie
83%
Jennifer Aniston
82.8%
Lindsay Lohan
81.7%
Sean Penn
74.9%
Arnold Schwarzenegger
72.8%
Jessica Simpson
72.5%
Nicole 'Snooki' Polizzi
70.7%
Fergie
70.4%
Hint Answer % Correct
Oompa Loompa
68.4%
Victoria Beckham
66.8%
Matthew McConaughey
48.7%
Amanda Bynes
48.3%
Christina Aguilera
47.8%
Tara Reid
45.9%
George Hamilton
37.5%
Mandy Moore
36.4%
Pauly D
27.2%
Ralph Lauren
18.7%

You're not logged in!

Compare scores with friends on all Sporcle quizzes.
Join for Free
OR
Log In

You Might Also Like...

Show Comments

Extras

Top Quizzes Today


Score Distribution

Your Account Isn't Verified!

In order to create a playlist on Sporcle, you need to verify the email address you used during registration. Go to your Sporcle Settings to finish the process.

Report this User

Report this user for behavior that violates our Community Guidelines.

Details: